| 000 | 01142cam a22003257a 4500 | ||
|---|---|---|---|
| 003 | CHAP | ||
| 005 | 20220329142908.0 | ||
| 008 | 050119d2004 mx a r 00110 spa d | ||
| 010 | _a89323 | ||
| 011 | _a90295 | ||
| 035 | _a100851 | ||
| 040 | _cCHAP | ||
| 090 | _aTesis | ||
| 100 | 0 | 0 |
_aMichel Cuello, Christian. _975398 |
| 245 | 1 | 0 |
_aMejoramiento de la eficiencia en la molienda en el proceso de elaboración de mezcal potosino _c/por Christian Michel Cuello |
| 260 |
_aSan Luis Potosí, S.L.P. : _bEl autor, _c2004. |
||
| 300 |
_a71 h. : _bilus. |
||
| 502 | _aTesis (Ing. Agroindustrial) - - Universidad Autónoma de San Luis Potosí. Facultad de Ingeniería | ||
| 590 |
_aALEPH _b10 _c20130110 _lUCH01 _h1503 |
||
| 590 |
_aBATCH-UPD _b10 _c20130110 _lUCH01 _h0608 |
||
| 590 |
_aBATCH-UPD _b10 _c20130410 _lUCH01 _h0250 |
||
| 590 |
_aBATCH-UPD _b10 _c20130914 _lUCH01 _h1816 |
||
| 590 |
_aCONVERSION _b10 _c20130109 _lUCH01 _h1349 |
||
| 650 | 1 | 4 |
_aMezcal _xElaboración _zSan Luis Potosí. _975355 |
| 650 | 1 | 4 |
_aMolinos. _977423 |
| 901 | _aBK | ||
| 905 | _aLilia | ||
| 942 | _cTESIS | ||
| 949 |
_aTesis _bBC _cTES _d100851 _eTS1 _h43221 _i100851 _sb |
||
| 999 |
_c89323 _d89323 |
||